| 000 | 00664nam a2200229 a 4500 | ||
|---|---|---|---|
| 001 | BRCA_5273 | ||
| 005 | 20190320205018.0 | ||
| 008 | 011210s1991----nyua######---#000-0#eng-# | ||
| 020 | _a0810933616 | ||
| 041 | _aeng | ||
| 044 | _anyu | ||
| 050 | 4 |
_aNK5106 _b.G53 1991 |
|
| 245 | 1 | 0 |
_aGlass 5,000 years _cedited by Hugh Tait. |
| 260 |
_aNueva York _bHarry N. Abrams _c1991 |
||
| 300 |
_a256 p. _bil. (algunas a color) _c28 cm. |
||
| 500 | _aIncluye glosario e índice alfabético | ||
| 500 | _aDonación Dr. Héctor Rivero Borrell Vázquez | ||
| 650 | 1 | 4 |
_aCristalería _xHistoria _9686 |
| 700 | 1 |
_aTait, Hugh _eEditor _913507 |
|
| 902 | _aDHR | ||
| 942 |
_2lcc _cB |
||
| 999 |
_c4967 _d4967 |
||